[Event "Suecia ch 2007 SM-gruppen"]
[Site "Stockholm SWE"]
[Date "2007.07.04"]
[Round "5"]
[White "Hamark, Jesper"]
[Black "Karlsson, Lars"]
[Result "0-1"]
[PlyCount "64"]
[EventDate "2007.06.30"]
[EventType "tourn"]
[EventRounds "13"]
[EventCountry "SWE"]
[Source "lmi"]
[SourceDate "2007.06.30"]
[WhiteElo "2289"]
[BlackElo "2493"]

1. d4 e6 2. Nf3 f5 3. g3 Nf6 4. Bg2 d5 5. O-O Bd6 6. c4 c6 7. Ne5 O-O 8. Bf4
Qe7 9. Nd2 Ne4 10. Ndf3 g5 11. Bc1 Qg7 12. Qc2 Nd7 13. Nd3 g4 14. Nfe5 Nxe5 15.
dxe5 Bxe5 16. Nxe5 Qxe5 17. b3 Qg7 18. Bb2 Nf6 19. f4 h5 20. e3 Qh6 21. Rf2 Bd7
22. c5 h4 23. Bf1 Ne4 24. Rg2 Rae8 25. Bd3 e5 26. Bxe4 fxe4 27. Re1 exf4 28.
gxf4 Kf7 29. Qc3 g3 30. hxg3 hxg3 31. f5 Rh8 32. Rxg3 Qh1+ 0-1

[Event "Suecia ch 2007 SM-gruppen"]
[Site "Stockholm SWE"]
[Date "2007.07.04"]
[Round "5"]
[White "Brynell, Stellan"]
[Black "Cramling, Pia"]
[Result "1/2-1/2"]
[PlyCount "111"]
[EventDate "2007.06.30"]
[EventType "tourn"]
[EventRounds "13"]
[EventCountry "SWE"]
[Source "lmi"]
[SourceDate "2007.06.30"]
[WhiteElo "2459"]
[BlackElo "2533"]

1. d4 d5 2. c4 c6 3. Nf3 Nf6 4. e3 Bg4 5. Nc3 e6 6. h3 Bxf3 7. Qxf3 Nbd7 8. Bd2
Bb4 9. Bd3 O-O 10. a3 Ba5 11. b4 Bc7 12. cxd5 cxd5 13. O-O Nb6 14. e4 dxe4 15.
Nxe4 Nxe4 16. Qxe4 g6 17. Qxb7 Nd5 18. Rac1 Rb8 19. Qxa7 Ra8 20. Qc5 Rxa3 21.
Be4 Bb6 22. Qc4 Nf6 23. Bc6 Qxd4 24. Qxd4 Bxd4 25. b5 Rb3 26. Rb1 Rxb1 27. Rxb1
Bb6 28. Kf1 Nd5 29. Ke2 Rb8 30. f3 Kf8 31. Bxd5 exd5 32. Kd3 Re8 33. Bb4+ Kg8
34. Re1 Rb8 35. Bc3 f5 36. Re7 Bc5 37. Rg7+ Kf8 38. Rxh7 Rxb5 39. Rd7 Be7 40.
g4 fxg4 41. hxg4 Ke8 42. Ra7 Rb3 43. Kc2 Rb5 44. Bd4 Kf8 45. f4 Rb4 46. Kc3 Rb1
47. Rd7 Rb5 48. Be5 Ke8 49. Ra7 Bb4+ 50. Kd3 Bc5 51. Rg7 Rb3+ 52. Kc2 Rb6 53.
Rc7 Bd6 54. Bxd6 Rxd6 55. Kd3 Re6 56. f5 1/2-1/2

[Event "Suecia ch 2007 SM-gruppen"]
[Site "Stockholm SWE"]
[Date "2007.07.04"]
[Round "5"]
[White "Furhoff, Johan"]
[Black "Hillarp Persson, Tiger"]
[Result "0-1"]
[PlyCount "78"]
[EventDate "2007.06.30"]
[EventType "tourn"]
[EventRounds "13"]
[EventCountry "SWE"]
[Source "lmi"]
[SourceDate "2007.06.30"]
[WhiteElo "2397"]
[BlackElo "2567"]

1. e4 g6 2. d4 Bg7 3. Nc3 d6 4. f4 a6 5. Nf3 b5 6. Bd3 Nd7 7. e5 c5 8. Be4 Rb8
9. Ng5 Nh6 10. e6 Nf6 11. exf7+ Nxf7 12. Bc6+ Kf8 13. dxc5 Bf5 14. cxd6 Rb6 15.
Qf3 Nxd6 16. Bd5 b4 17. Na4 Nxd5 18. Qxd5 Rb5 19. Nc5 Qc8 20. Be3 Bxb2 21. O-O
h6 22. Nge6+ Bxe6 23. Nxe6+ Ke8 24. Bc5 Nb7 25. Qe4 Nxc5 26. Qxg6+ Kd7 27.
Rad1+ Kc6 28. Nd4+ Kb7 29. Nxb5 axb5 30. Rd5 Qc6 31. Qf7 Kb6 32. f5 Bf6 33.
Rfd1 h5 34. g3 h4 35. g4 Ne4 36. c4 bxc4 37. Rb1 Ng5 38. Rxb4+ Kc7 39. Rxc4
Nxf7 0-1

[Event "Suecia ch 2007 Mästare Elit"]
[Site "Stockholm SWE"]
[Date "2007.07.04"]
[Round "5"]
[White "Logdahl, Harald"]
[Black "Tikkanen, Hans"]
[Result "1/2-1/2"]
[PlyCount "62"]
[EventDate "2007.06.30"]
[EventType "tourn"]
[EventRounds "13"]
[EventCountry "SWE"]
[Source "lmi"]
[SourceDate "2007.06.30"]
[WhiteElo "2250"]
[BlackElo "2394"]

1. e4 c5 2. Nc3 Nc6 3. g3 g6 4. Bg2 Bg7 5. d3 d6 6. f4 e6 7. Nf3 Nge7 8. O-O
O-O 9. Be3 b6 10. d4 Ba6 11. Re1 Qc7 12. a4 Nb4 13. Nb5 Bxb5 14. axb5 cxd4 15.
Bxd4 e5 16. Bc3 Qc5+ 17. Kh1 Qxb5 18. Qxd6 Nec6 19. Bf1 Qc5 20. Qxc5 bxc5 21.
Bb5 exf4 22. gxf4 Nd4 23. Bxd4 cxd4 24. Re2 Rab8 25. Bd3 Nxd3 26. cxd3 Rb3 27.
Rd1 Rfb8 28. Rdd2 R8b4 29. Kg2 Bf8 30. e5 a5 31. Ng5 Be7 1/2-1/2

[Event "Suecia ch 2007 Mästare Elit"]
[Site "Stockholm SWE"]
[Date "2007.07.04"]
[Round "5"]
[White "Hedman, Erik"]
[Black "Welin, Mats"]
[Result "1-0"]
[PlyCount "83"]
[EventDate "2007.06.30"]
[EventType "tourn"]
[EventRounds "13"]
[EventCountry "SWE"]
[Source "lmi"]
[SourceDate "2007.06.30"]
[WhiteElo "2346"]
[BlackElo "2195"]

1. e4 e5 2. Nf3 Nc6 3. Bb5 a6 4. Bxc6 dxc6 5. Nc3 Qf6 6. d4 exd4 7. Bg5 Qd6 8.
Nxd4 Be7 9. Be3 Qg6 10. Qd2 Bd7 11. f3 O-O-O 12. Qe2 Nh6 13. O-O-O Rhe8 14. Rd2
f5 15. e5 Bb4 16. f4 Qf7 17. Kb1 Ng8 18. Rhd1 Ne7 19. Nb3 Nd5 20. Rd3 Bxc3 21.
bxc3 Be6 22. Qd2 Qf8 23. Bf2 Bf7 24. Bh4 Bh5 25. c4 Nc3+ 26. Qxc3 Bxd1 27.
Rxd8+ Rxd8 28. Bxd8 Qxd8 29. Nd4 Qh4 30. Qd2 Bh5 31. Nxf5 Qxh2 32. Ne7+ Kb8 33.
Qd8+ Ka7 34. Nc8+ Kb8 35. Ne7+ Ka7 36. Qd4+ Kb8 37. c5 a5 38. Qd8+ Ka7 39. Nc8+
Ka6 40. Qd3+ b5 41. cxb6+ Kb7 42. Qd7 1-0

[Event "Suecia ch 2007 Mästare Elit"]
[Site "Stockholm SWE"]
[Date "2007.07.04"]
[Round "5"]
[White "Couso, Luis"]
[Black "Akesson, Joel"]
[Result "0-1"]
[PlyCount "110"]
[EventDate "2007.06.30"]
[EventType "tourn"]
[EventRounds "13"]
[EventCountry "SWE"]
[Source "lmi"]
[SourceDate "2007.06.30"]
[WhiteElo "2358"]
[BlackElo "2326"]

1. e4 e6 2. d4 d5 3. Nc3 Bb4 4. e5 Ne7 5. a3 Bxc3+ 6. bxc3 c5 7. h4 Qa5 8. Bd2
Nbc6 9. h5 Bd7 10. h6 gxh6 11. Rb1 Qc7 12. Nf3 Ng8 13. Rh4 O-O-O 14. Rf4 Be8
15. Rb5 c4 16. Rb1 Nce7 17. Nh2 Ng6 18. Rf3 f6 19. exf6 Nxf6 20. Rxf6 Qxh2 21.
Qg4 Bd7 22. Bf4 Nxf4 23. Qxf4 Qxf4 24. Rxf4 Rhf8 25. Rh4 Rf6 26. f4 Rg8 27. Kf2
Ba4 28. Rc1 Rfg6 29. Rh3 Kc7 30. Re3 h5 31. Rh3 Rg4 32. g3 h4 33. Rxh4 Rxh4 34.
gxh4 Rg4 35. Re1 Rxh4 36. Kg3 Rh1 37. Kg2 Rh6 38. Re2 Kd6 39. Kg3 Rg6+ 40. Kf3
Rh6 41. Kg3 Rf6 42. Bh3 Be8 43. f5 Bd7 44. fxe6 Bxe6 45. Bxe6 Rxe6 46. Rh2 Re3+
47. Kf4 Rxc3 48. Rh6+ Kc7 49. Ke5 Rxa3 50. Kxd5 Rc3 51. Kc5 b6+ 52. Kb4 Rxc2
53. Rxh7+ Kd6 54. Rxa7 b5 55. Ra6+ Kd5 0-1

[Event "Suecia ch 2007 Mästare Elit"]
[Site "Stockholm SWE"]
[Date "2007.07.04"]
[Round "5"]
[White "Janse, Love"]
[Black "Nilsson, Sebastian"]
[Result "1/2-1/2"]
[PlyCount "57"]
[EventDate "2007.06.30"]
[EventType "tourn"]
[EventRounds "13"]
[EventCountry "SWE"]
[Source "lmi"]
[SourceDate "2007.06.30"]
[WhiteElo "2090"]
[BlackElo "2218"]

1. e4 e6 2. d3 d5 3. Qe2 dxe4 4. dxe4 e5 5. Nf3 Nc6 6. Nbd2 Bc5 7. Nc4 Qe7 8.
Be3 Bd7 9. c3 a5 10. g3 Nf6 11. Bg2 Ng4 12. O-O O-O 13. Rfd1 Be6 14. Bxc5 Qxc5
15. Ncd2 f6 16. h3 Nh6 17. Nf1 Rfd8 18. Ne3 Rxd1+ 19. Qxd1 Rd8 20. Qe2 Nf7 21.
Nh4 Ne7 22. Nhf5 Nc8 23. Qg4 Bxf5 24. Nxf5 g6 25. Ne3 Nb6 26. Rd1 Qe7 27. Bf1
Rxd1 28. Qxd1 Qd6 29. Qxd6 1/2-1/2

[Event "Suecia ch 2007 Mästare Elit"]
[Site "Stockholm SWE"]
[Date "2007.07.04"]
[Round "5"]
[White "Glimbrant, Torbjorn"]
[Black "Johansson, Gunnar"]
[Result "1/2-1/2"]
[PlyCount "104"]
[EventDate "2007.06.30"]
[EventType "tourn"]
[EventRounds "13"]
[EventCountry "SWE"]
[Source "lmi"]
[SourceDate "2007.06.30"]
[WhiteElo "2282"]
[BlackElo "2272"]

1. Nf3 d5 2. d4 Nf6 3. c4 c6 4. e3 Bf5 5. Nc3 e6 6. Bd3 Bxd3 7. Qxd3 Be7 8. O-O
Nbd7 9. b3 O-O 10. Bb2 Rc8 11. e4 dxe4 12. Nxe4 Qa5 13. Bc3 Bb4 14. Bxb4 Qxb4
15. Qc3 Qe7 16. Nxf6+ Nxf6 17. Rfe1 Rfd8 18. Qa5 b6 19. Qa4 Qc7 20. Rad1 Rd7
21. b4 Qb7 22. Ne5 Rdc7 23. Qb3 Nd7 24. Nf3 Nf6 25. h3 h6 26. a4 a6 27. Rc1 Ra8
28. Ne5 Nd7 29. Nf3 Qc8 30. a5 b5 31. c5 Qd8 32. Rcd1 Qf6 33. Qc2 Rd8 34. Ne5
Qe7 35. Nf3 Nf6 36. Rb1 Rcc8 37. Rb3 Qd7 38. Rd3 Qc7 39. Qc1 Rd5 40. Rde3 Qf4
41. g3 Qc7 42. Kg2 Rcd8 43. Qb2 Kf8 44. Re5 Kg8 45. Qc1 Rxd4 46. Nxd4 Rxd4 47.
Qb2 Qd7 48. R1e2 Rd3 49. Kh2 Nd5 50. Re1 Nf6 51. R1e2 Nd5 52. Re1 Nf6 1/2-1/2

[Event "Suecia ch 2007 Mästare Elit"]
[Site "Stockholm SWE"]
[Date "2007.07.04"]
[Round "5"]
[White "Wademark, Helge"]
[Black "Semcesen, Daniel"]
[Result "0-1"]
[PlyCount "80"]
[EventDate "2007.06.30"]
[EventType "tourn"]
[EventRounds "13"]
[EventCountry "SWE"]
[Source "lmi"]
[SourceDate "2007.06.30"]
[WhiteElo "2153"]
[BlackElo "2348"]

1. e4 e5 2. Nf3 Nc6 3. Bc4 Nf6 4. Ng5 d5 5. exd5 Na5 6. Bb5+ c6 7. dxc6 bxc6 8.
Qf3 Rb8 9. Bd3 Bd6 10. h3 O-O 11. c3 h6 12. Ne4 Nxe4 13. Bxe4 f5 14. Bc2 e4 15.
Qe2 c5 16. b3 Qf6 17. Na3 Be5 18. Rb1 Qg6 19. O-O Bb7 20. b4 cxb4 21. Rxb4 Bd6
22. Ra4 Bc7 23. Nb5 Bb6 24. Nd4 Rbe8 25. Ba3 Rf6 26. Rb1 Nc6 27. Bc5 Ne5 28.
Bxb6 axb6 29. Re1 Qg5 30. Kh1 Re7 31. Ra7 Rg6 32. Rg1 Rf6 33. Bb3+ Kh7 34. Ne6
Qh4 35. Kh2 Ng4+ 36. Kh1 Nxf2+ 37. Kh2 Ng4+ 38. Kh1 e3 39. Rxb7 Rxb7 40. dxe3
Qg3 0-1

[Event "Suecia ch 2007 Junior-SM"]
[Site "Stockholm SWE"]
[Date "2007.07.04"]
[Round "5"]
[White "Wickstrom, Lucas"]
[Black "Nithander, Victor"]
[Result "0-1"]
[PlyCount "54"]
[EventDate "2007.06.30"]
[EventType "tourn"]
[EventRounds "13"]
[EventCountry "SWE"]
[Source "lmi"]
[SourceDate "2007.06.30"]
[WhiteElo "2139"]
[BlackElo "2357"]

1. d4 Nf6 2. c4 g6 3. Nc3 Bg7 4. e4 d6 5. Be2 O-O 6. Nf3 Na6 7. O-O e5 8. Be3
Ng4 9. Bg5 Qe8 10. h3 h6 11. Bh4 Nf6 12. dxe5 dxe5 13. Bg3 Nh5 14. Bh2 Nf4 15.
Nd5 Nxe2+ 16. Qxe2 c6 17. Ne3 h5 18. Rfd1 Qe7 19. Nc2 Nc5 20. b4 Na4 21. Rd3 a5
22. a3 Be6 23. Nxe5 Nb2 24. Rd4 axb4 25. Nxb4 Qxb4 26. Rb1 Rxa3 27. Rd2 Qc5 0-1

[Event "Suecia ch 2007 Junior-SM"]
[Site "Stockholm SWE"]
[Date "2007.07.04"]
[Round "5"]
[White "Tadjerbashi, Amir"]
[Black "Kockum, Anton Frisk"]
[Result "0-1"]
[PlyCount "76"]
[EventDate "2007.06.30"]
[EventType "tourn"]
[EventRounds "13"]
[EventCountry "SWE"]
[Source "lmi"]
[SourceDate "2007.06.30"]
[WhiteElo "2182"]
[BlackElo "2200"]

1. e4 e6 2. d4 d5 3. Nd2 Nc6 4. Ngf3 Nf6 5. e5 Nd7 6. Nb3 a5 7. a4 Be7 8. Bb5
Ncb8 9. O-O b6 10. Qe2 Ba6 11. Bxa6 Nxa6 12. c4 c6 13. Bd2 O-O 14. Rfc1 dxc4
15. Rxc4 Ndb8 16. Rac1 Ra7 17. Qe4 Qd5 18. Qg4 f5 19. exf6 Bxf6 20. R4c3 Qf5
21. Qg3 Nb4 22. Ng5 Qd5 23. Nh3 Na2 24. Rf3 Nxc1 25. Bxc1 Raf7 26. Nf4 Qd7 27.
h3 Na6 28. Be3 e5 29. Nh5 exd4 30. Nxf6+ Rxf6 31. Rxf6 Rxf6 32. Nxd4 c5 33. Nb5
Qd1+ 34. Kh2 Qxa4 35. Bg5 Re6 36. Qd3 h6 37. Qd7 Qe4 38. Be3 Qc6 0-1

[Event "Suecia ch 2007 Junior-SM"]
[Site "Stockholm SWE"]
[Date "2007.07.04"]
[Round "5"]
[White "Zadruzny, Nicolaj"]
[Black "Blomqvist, Erik"]
[Result "0-1"]
[PlyCount "94"]
[EventDate "2007.06.30"]
[EventType "tourn"]
[EventRounds "13"]
[EventCountry "SWE"]
[Source "lmi"]
[SourceDate "2007.06.30"]
[WhiteElo "2209"]
[BlackElo "2313"]

1. e4 c5 2. Nf3 d6 3. d4 cxd4 4. Nxd4 Nf6 5. Nc3 a6 6. Bg5 e6 7. f4 Nbd7 8. Qf3
Qc7 9. O-O-O Be7 10. Bd3 h6 11. Bh4 g5 12. fxg5 Ne5 13. Qe2 Nfg4 14. Nf3 hxg5
15. Bg3 Bd7 16. Rdf1 f6 17. h4 gxh4 18. Rxh4 O-O-O 19. Rfh1 Rxh4 20. Rxh4 Rg8
21. Rh7 Bd8 22. Kb1 Qc5 23. Nd1 Bb6 24. Be1 Nxd3 25. cxd3 e5 26. Nc3 Bc6 27.
Bh4 Kb8 28. Nd2 Qg1+ 29. Qf1 Qh2 30. Nf3 Qf4 31. g3 Qe3 32. Qe2 Qc5 33. Nd2 Bd8
34. a3 Be8 35. Nd5 Qg1+ 36. Ka2 Bc6 37. Nb3 a5 38. Nd2 Qc5 39. Qf3 a4 40. Nc4
b5 41. Nce3 Nxe3 42. Nxe3 b4 43. axb4 Qxb4 44. Nc4 Bb5 45. Qe2 Bxc4+ 46. dxc4
Bb6 47. Qc2 Bd4 0-1

[Event "Suecia ch 2007 Junior-SM"]
[Site "Stockholm SWE"]
[Date "2007.07.04"]
[Round "5"]
[White "De Verdier, Michael"]
[Black "Vas, Peter"]
[Result "1-0"]
[PlyCount "54"]
[EventDate "2007.06.30"]
[EventType "tourn"]
[EventRounds "13"]
[EventCountry "SWE"]
[Source "lmi"]
[SourceDate "2007.06.30"]
[WhiteElo "2123"]
[BlackElo "2166"]

1. e4 e5 2. Nf3 Nc6 3. Bb5 a6 4. Bxc6 dxc6 5. O-O Bg4 6. h3 h5 7. d3 Bxf3 8.
Qxf3 Qf6 9. Qxf6 gxf6 10. Be3 Kd7 11. Nd2 Ne7 12. f4 Bh6 13. Rae1 Ke6 14. Nb3
b6 15. d4 exd4 16. Bxd4 Bg7 17. f5+ Kd7 18. e5 fxe5 19. f6 Bxf6 20. Rxf6 exd4
21. Rxf7 Rae8 22. Nxd4 Rhf8 23. Rexe7+ Rxe7 24. Rxf8 c5 25. Nb3 c4 26. Nd2 Re2
27. Rf2 Re1+ 1-0

[Event "Suecia ch 2007 Junior-SM"]
[Site "Stockholm SWE"]
[Date "2007.07.04"]
[Round "5"]
[White "Agrest, Inna"]
[Black "Grandelius, Nils"]
[Result "0-1"]
[PlyCount "116"]
[EventDate "2007.06.30"]
[EventType "tourn"]
[EventRounds "13"]
[EventCountry "SWE"]
[Source "lmi"]
[SourceDate "2007.06.30"]
[WhiteElo "2085"]
[BlackElo "2271"]

1. e4 c5 2. Nf3 d6 3. d4 cxd4 4. Nxd4 Nf6 5. Nc3 a6 6. Bg5 e6 7. f4 Be7 8. Qf3
Qc7 9. O-O-O Nbd7 10. g4 O-O 11. h4 b5 12. Bxf6 Bxf6 13. g5 Bxd4 14. Rxd4 Bb7
15. h5 f5 16. gxf6 Rxf6 17. Qg3 Raf8 18. Bh3 e5 19. Rg1 R8f7 20. fxe5 Nxe5 21.
Bf5 Qc5 22. Rdd1 Rc7 23. Qg5 Rcf7 24. Rdf1 Nc4 25. e5 h6 26. Qg3 Qxe5 27. Qxe5
Nxe5 28. Bh3 Kf8 29. Ne2 Rxf1+ 30. Rxf1 Rxf1+ 31. Bxf1 Bf3 32. Nf4 Kf7 33. a4
Bc6 34. axb5 axb5 35. b3 Kf6 36. Bh3 Kg5 37. Ne6+ Kxh5 38. Nxg7+ Kh4 39. Bf1
Bd7 40. Be2 Ng4 41. c4 b4 42. Kd2 Kg5 43. Bd3 Kf6 44. Nh5+ Ke5 45. Ng3 Nf6 46.
Bg6 Bg4 47. Kc2 h5 48. Bd3 h4 49. Nf1 h3 50. Kd2 Kf4 51. Nh2 Bf3 52. Bf1 Bg2
53. Ke2 Kg3 54. Bxg2 hxg2 55. Nf3 Ne4 56. Ng1 Nc5 57. Ke3 Nxb3 58. Kd3 Kf2 0-1

[Event "Suecia ch 2007 Veteran-SM"]
[Site "Stockholm SWE"]
[Date "2007.07.04"]
[Round "1"]
[White "Malmdin, Nils-Ake"]
[Black "Nystrom, Ragnar"]
[Result "1/2-1/2"]
[PlyCount "139"]
[EventDate "2007.07.01"]
[EventCountry "SWE"]
[Source "lmi"]
[SourceDate "2007.06.30"]
[WhiteElo "2259"]
[BlackElo "2022"]

1. e4 e6 2. d4 d5 3. e5 c5 4. Qg4 cxd4 5. Nf3 Nc6 6. Bd3 Qb6 7. O-O Bd7 8. a3
f5 9. Qg3 Nge7 10. b4 h6 11. h4 g6 12. Nbd2 Bg7 13. Nb3 O-O-O 14. Bd2 Qc7 15.
Rfe1 Rdg8 16. b5 Nb8 17. Bb4 Qd8 18. Rec1 b6 19. c4 dxc3 20. Rxc3+ Kb7 21. Bd6
g5 22. Rac1 f4 23. Qg4 Nf5 24. Rc7+ Ka8 25. Nfd4 Nxd6 26. exd6 Be5 27. Nxe6
Bxd6 28. Rxd7 Qxd7 29. Qf5 Bc5 30. Be4 a6 31. Bxd5+ Ka7 32. Nbxc5 bxc5 33. Rxc5
Rc8 34. Bb3 Rhd8 35. Nxd8 Qxf5 36. Rxf5 Rxd8 37. hxg5 hxg5 38. Rxg5 axb5 39.
Rxb5 Rd3 40. a4 Nd7 41. a5 Nf6 42. Be6 f3 43. gxf3 Rxf3 44. Bc8 Ra3 45. Rb7+
Ka8 46. Rf7 Ne8 47. a6 Nd6 48. Bb7+ Kb8 49. Rd7 Nb5 50. Kg2 Nc7 51. Rd6 Nb5 52.
Rd2 Nc7 53. Re2 Nxa6 54. Bxa6 Rxa6 55. f4 Kc7 56. Kf3 Kd7 57. f5 Ra4 58. Kg3
Rb4 59. Re3 Ra4 60. Re6 Rb4 61. Re2 Ra4 62. f6 Ra6 63. Rf2 Ke8 64. Kg4 Kf7 65.
Kg5 Ra5+ 66. Rf5 Rxf5+ 67. Kxf5 Kf8 68. Kg6 Kg8 69. f7+ Kf8 70. Kf6 1/2-1/2

[Event "Suecia ch 2007 Veteran-SM"]
[Site "Stockholm SWE"]
[Date "2007.07.04"]
[Round "1"]
[White "Gustavsson, Sture"]
[Black "Kyhle, Bo"]
[Result "0-1"]
[PlyCount "62"]
[EventDate "2007.07.01"]
[EventCountry "SWE"]
[Source "lmi"]
[SourceDate "2007.06.30"]
[WhiteElo "2109"]
[BlackElo "2232"]

1. d4 Nf6 2. Nf3 g6 3. Nc3 d5 4. Bf4 Bg7 5. e3 O-O 6. Be2 c5 7. Ne5 Nc6 8. h4
Be6 9. h5 cxd4 10. exd4 Qb6 11. Nxc6 Qxc6 12. hxg6 fxg6 13. Qd2 Rf7 14. f3 Nd7
15. O-O-O a6 16. Bh6 Bh8 17. g4 Nf6 18. Rdg1 Rc8 19. Kb1 b5 20. Nd1 Bd7 21. Nf2
Ne8 22. Bd1 Nd6 23. Nh3 Nc4 24. Qd3 e5 25. Ng5 Re7 26. Re1 Qd6 27. dxe5 Bxe5
28. f4 Qb4 29. b3 Qa3 30. Qxd5+ Be6 31. Qxe5 Nd2+ 0-1

[Event "Suecia ch 2007 Veteran-SM"]
[Site "Stockholm SWE"]
[Date "2007.07.04"]
[Round "1"]
[White "Marklund, Gunnar"]
[Black "Akvist, Hakan"]
[Result "0-1"]
[PlyCount "60"]
[EventDate "2007.07.01"]
[EventCountry "SWE"]
[Source "lmi"]
[SourceDate "2007.06.30"]
[WhiteElo "2103"]
[BlackElo "2161"]

1. e4 e6 2. f4 d5 3. e5 c5 4. Nf3 Nc6 5. Nc3 Bd7 6. Be2 Nge7 7. O-O Nf5 8. d3
h5 9. Ne1 Qb6 10. Rf3 O-O-O 11. Rh3 h4 12. Bg4 Ncd4 13. Bxf5 Nxf5 14. Ne2 Be7
15. Nf3 d4 16. b3 Bc6 17. Qf1 f6 18. Qe1 Bxf3 19. Rxf3 fxe5 20. fxe5 g5 21. Bd2
Qc7 22. g4 Nh6 23. Qf1 Qxe5 24. Re1 Qd5 25. Kg2 Nxg4 26. Ng1 Bd6 27. Qe2 h3+
28. Nxh3 Rxh3 29. Qxe6+ Qxe6 30. Rxe6 Rxh2+ 0-1

[Event "Suecia ch 2007 SM-gruppen"]
[Site "Stockholm SWE"]
[Date "2007.07.05"]
[Round "6"]
[White "Smith, Axel"]
[Black "Hillarp Persson, Tiger"]
[Result "0-1"]
[PlyCount "64"]
[EventDate "2007.06.30"]
[EventType "tourn"]
[EventRounds "13"]
[EventCountry "SWE"]
[Source "lmi"]
[SourceDate "2007.06.30"]
[WhiteElo "2284"]
[BlackElo "2567"]

1. e4 c5 2. Nf3 d6 3. d4 cxd4 4. Nxd4 Nf6 5. Nc3 a6 6. Bg5 e6 7. f4 Qc7 8. Qf3
b5 9. f5 b4 10. Ncb5 axb5 11. Bxb5+ Bd7 12. fxe6 Bxb5 13. Nxb5 Qc5 14. Bxf6
fxe6 15. Nd4 gxf6 16. Nxe6 Qc4 17. Qxf6 Nd7 18. Nc7+ Qxc7 19. Qxh8 Qc5 20. Qxh7
b3 21. cxb3 Qe3+ 22. Kf1 Qd3+ 23. Ke1 Qe3+ 24. Kf1 Qf4+ 25. Ke2 Rc8 26. Rad1
Qg4+ 27. Ke3 Qg5+ 28. Ke2 Qxg2+ 29. Ke3 Qg5+ 30. Ke2 Ne5 31. Qh3 Rc2+ 32. Ke1
Qf4 0-1

[Event "Suecia ch 2007 SM-gruppen"]
[Site "Stockholm SWE"]
[Date "2007.07.05"]
[Round "6"]
[White "Cramling, Pia"]
[Black "Furhoff, Johan"]
[Result "1-0"]
[PlyCount "83"]
[EventDate "2007.06.30"]
[EventType "tourn"]
[EventRounds "13"]
[EventCountry "SWE"]
[Source "lmi"]
[SourceDate "2007.06.30"]
[WhiteElo "2533"]
[BlackElo "2397"]

1. d4 d5 2. Nf3 Nc6 3. c4 Bg4 4. Nc3 e6 5. Bg5 Be7 6. Bxe7 Ngxe7 7. e3 O-O 8.
cxd5 Nxd5 9. Be2 Nxc3 10. bxc3 Na5 11. O-O c5 12. Qa4 cxd4 13. cxd4 Rc8 14.
Rfc1 b6 15. h3 Bf5 16. Nd2 e5 17. Qb5 Re8 18. Rxc8 Qxc8 19. dxe5 Bd7 20. Qb2
Qc5 21. Rc1 Qxe5 22. Qxe5 Rxe5 23. Rc7 Rd5 24. Rxa7 g6 25. Nc4 Nxc4 26. Bxc4
Rd6 27. f4 h5 28. Kf2 h4 29. e4 Be6 30. Bxe6 Rxe6 31. Kf3 Rc6 32. e5 Rc2 33. a4
Rc4 34. Kg4 Re4 35. Kg5 Kg7 36. Rb7 Kf8 37. Rb8+ Kg7 38. Rxb6 Rxa4 39. Rb2 Rc4
40. Rf2 f6+ 41. exf6+ Kf7 42. Re2 1-0

[Event "Suecia ch 2007 SM-gruppen"]
[Site "Stockholm SWE"]
[Date "2007.07.05"]
[Round "6"]
[White "Berg, Emanuel"]
[Black "Carlsson, Pontus"]
[Result "1/2-1/2"]
[PlyCount "53"]
[EventDate "2007.06.30"]
[EventType "tourn"]
[EventRounds "13"]
[EventCountry "SWE"]
[Source "lmi"]
[SourceDate "2007.06.30"]
[WhiteElo "2581"]
[BlackElo "2480"]

1. e4 c5 2. Nf3 d6 3. d4 Nf6 4. Nc3 cxd4 5. Nxd4 g6 6. Be3 Bg7 7. f3 O-O 8. Qd2
Nc6 9. Bc4 Bd7 10. Bb3 Nxd4 11. Bxd4 b5 12. a4 b4 13. Nd5 Nxd5 14. exd5 Bxd4
15. Qxd4 a5 16. h4 e5 17. dxe6 Bxe6 18. O-O-O Bxb3 19. cxb3 Re8 20. Kb1 Re2 21.
h5 Qg5 22. hxg6 Qxg6+ 23. Ka2 Rae8 24. Rd2 Re1 25. Rd1 R1e2 26. Rd2 Re1 27. Rd1
1/2-1/2

[Event "Suecia ch 2007 SM-gruppen"]
[Site "Stockholm SWE"]
[Date "2007.07.05"]
[Round "6"]
[White "Ong, Kezli"]
[Black "Lindberg, Bengt"]
[Result "1/2-1/2"]
[PlyCount "52"]
[EventDate "2007.06.30"]
[EventType "tourn"]
[EventRounds "13"]
[EventCountry "SWE"]
[Source "lmi"]
[SourceDate "2007.06.30"]
[WhiteElo "2236"]
[BlackElo "2443"]

1. e4 c5 2. Nf3 d6 3. d4 cxd4 4. Nxd4 Nf6 5. Nc3 a6 6. f4 e5 7. Nf3 Nbd7 8. a4
Be7 9. Bd3 O-O 10. O-O exf4 11. Kh1 Nh5 12. Nd4 g6 13. Be2 Ndf6 14. Bxh5 Nxh5
15. Nd5 Re8 16. Qf3 Bf6 17. c3 Be6 18. Nxe6 fxe6 19. Nxf4 Nxf4 20. Bxf4 Rf8 21.
Qg3 e5 22. Bh6 Bg7 23. Bxg7 Kxg7 24. Qd3 Qb6 25. a5 Qc6 26. h3 Rxf1+ 1/2-1/2

[Event "Suecia ch 2007 SM-gruppen"]
[Site "Stockholm SWE"]
[Date "2007.07.05"]
[Round "6"]
[White "Johansson, Jan"]
[Black "Brynell, Stellan"]
[Result "1-0"]
[PlyCount "95"]
[EventDate "2007.06.30"]
[EventType "tourn"]
[EventRounds "13"]
[EventCountry "SWE"]
[Source "lmi"]
[SourceDate "2007.06.30"]
[WhiteElo "2441"]
[BlackElo "2459"]

1. d4 e6 2. c4 Nf6 3. Nf3 b6 4. Nc3 Bb7 5. e3 Bb4 6. Bd3 Ne4 7. O-O f5 8. d5
Bxc3 9. bxc3 Nc5 10. e4 fxe4 11. Bg5 Qc8 12. Bc2 O-O 13. Nd2 exd5 14. cxd5 Rf5
15. Qg4 Rxd5 16. Bh6 Qf8 17. Nxe4 Kh8 18. Be3 Nc6 19. Nxc5 bxc5 20. c4 Re5 21.
Qxd7 Nd4 22. Bxd4 Rg5 23. f3 cxd4 24. Qxd4 Rd8 25. Qe3 Rc5 26. Bb3 Re8 27. Qf2
a5 28. Rae1 Rce5 29. Rxe5 Rxe5 30. Qa7 Qc5+ 31. Qxc5 Rxc5 32. Rd1 g6 33. Kf2
Bc6 34. a4 Kg7 35. Rd8 Kf6 36. Rf8+ Ke7 37. Rh8 h5 38. Rh7+ Kd6 39. Rg7 Be8 40.
Ke3 Re5+ 41. Kd2 g5 42. g3 Bd7 43. Bc2 Be6 44. Bd3 Bd7 45. f4 gxf4 46. gxf4 Rc5
47. Kc3 Bxa4 48. Kd4 1-0

[Event "Suecia ch 2007 SM-gruppen"]
[Site "Stockholm SWE"]
[Date "2007.07.05"]
[Round "6"]
[White "Akesson, Ralf"]
[Black "Hamark, Jesper"]
[Result "0-1"]
[PlyCount "84"]
[EventDate "2007.06.30"]
[EventType "tourn"]
[EventRounds "13"]
[EventCountry "SWE"]
[Source "lmi"]
[SourceDate "2007.06.30"]
[WhiteElo "2477"]
[BlackElo "2289"]

1. Nf3 d5 2. d4 Nf6 3. c4 e6 4. g3 Bb4+ 5. Bd2 Be7 6. Bg2 O-O 7. O-O c6 8. Qc2
Nbd7 9. b3 b6 10. Rd1 Ba6 11. a4 c5 12. a5 Rc8 13. axb6 Qxb6 14. Qa2 Bb7 15.
Ba5 Qd6 16. dxc5 Qxc5 17. Ne1 Ne5 18. Nd3 Nxd3 19. exd3 e5 20. Bc3 Qc7 21. Qe2
d4 22. Ba5 Qb8 23. Bxb7 Qxb7 24. Qxe5 Rc5 25. Qe2 Re8 26. b4 Rf5 27. Nd2 Bxb4
28. Ne4 Nxe4 29. dxe4 Rxa5 30. Rab1 Qe7 31. Rxd4 Bc5 32. Rd5 Bb6 33. Qd3 Rxd5
34. exd5 Qc5 35. Rb2 Qd6 36. Kg2 h6 37. Rc2 Bc5 38. Qb3 Rb8 39. Qa4 Rd8 40. Re2
g6 41. Qb5 Kg7 42. Qb2+ Qf6 0-1